Pianoforte romantico (Il) (Record n. 99529)
[ formato base ]
| 000 -LEADER | |
|---|---|
| fixed length control field | 02028njm a2200349Ia 4500 |
| 001 - CONTROL NUMBER | |
| control field | 26366 |
| 003 - CONTROL NUMBER IDENTIFIER | |
| control field | IT-RoPAU |
| 005 - DATE AND TIME OF LATEST TRANSACTION | |
| control field | 20220918181117.0 |
| 008 - FIXED-LENGTH DATA ELEMENTS--GENERAL INFORMATION | |
| fixed length control field | 131025s9999 xx 000 0 und d |
| 040 ## - CATALOGING SOURCE | |
| Original cataloging agency | IT-RoPAU |
| 040 ## - CATALOGING SOURCE | |
| Transcribing agency | IT-RoPAU |
| 999 ## - SYSTEM CONTROL NUMBERS (KOHA) | |
| Koha Dewey Subclass [OBSOLETE] | NO |
| 100 ## - MAIN ENTRY--PERSONAL NAME | |
| Personal name | AA.VV. |
| 9 (RLIN) | 794 |
| 100 ## - MAIN ENTRY--PERSONAL NAME | |
| Relator term | Autore musica |
| 9 (RLIN) | 15730 |
| 100 ## - MAIN ENTRY--PERSONAL NAME | |
| Miscellaneous information | Codice autore musica SPICS: 12000 |
| 9 (RLIN) | 796 |
| 245 ## - TITLE STATEMENT | |
| Title | Pianoforte romantico (Il) |
| 250 ## - EDITION STATEMENT | |
| Edition statement | a ed. |
| 260 ## - PUBLICATION, DISTRIBUTION, ETC. (IMPRINT) | |
| Place of publication, distribution, etc. | ROMA |
| 260 ## - PUBLICATION, DISTRIBUTION, ETC. (IMPRINT) | |
| Name of publisher, distributor, etc. | SPICS RECORDS |
| Date of publication, distribution, etc. | 1985 [1a Ed.:1974 - Ed. Lingua Orig.: 1974] |
| 300 ## - PHYSICAL DESCRIPTION | |
| Extent | MUSICASSETTA |
| 500 ## - GENERAL NOTE | |
| General note | Musica strumentale. Romantica |
| 505 ## - FORMATTED CONTENTS NOTE | |
| Formatted contents note | Valzer in la bemolle maggiore op 39 n 15 - Valzer triste op 9 n 2 - Rapsodia unghere n 12 in do diesis minore - Capriccio poetico n 3 in re b m un sospiro - Rapsodia ungherese n 2 in do diesis minore - Ballata n 4 in fa minore op. 52 - Mazurka in si maggiore op 7 n 1 - Sogno d'amore - Traumerei op 15 n 7 - Canto di primavera op 62 n 6 - Per Elisa |
| 650 ## - SUBJECT ADDED ENTRY--TOPICAL TERM | |
| Topical term or geographic name as entry element | STRUMENTALE [CASSETTE] |
| Relator term | Codice MATERIA SPICS: 9951 |
| 9 (RLIN) | 1218 |
| 700 ## - ADDED ENTRY--PERSONAL NAME | |
| Personal name | Brahms Johannes |
| Dates associated with a name | Codice autore musica SPICS: 8867 |
| Relator term | Autore musica |
| Name of part/section of a work | Valzer in la bemolle maggiore op 39 n 15 |
| 9 (RLIN) | 15731 |
| 700 ## - ADDED ENTRY--PERSONAL NAME | |
| Personal name | Schubert Franz |
| Dates associated with a name | Codice autore musica SPICS: 10690 |
| Relator term | Autore musica |
| Name of part/section of a work | Valzer triste op 9 n 2 |
| 9 (RLIN) | 15732 |
| 700 ## - ADDED ENTRY--PERSONAL NAME | |
| Personal name | Liszt Franz |
| Dates associated with a name | Codice autore musica SPICS: 10789 |
| Relator term | Autore musica |
| Name of part/section of a work | Rapsodia unghere n 12 in do diesis minore - Capriccio poetico n 3 in re b m un sospiro - Rapsodia ungherese n 2 in do diesis minore - Sogno d'amore |
| 9 (RLIN) | 15733 |
| 700 ## - ADDED ENTRY--PERSONAL NAME | |
| Personal name | Chopin Fryderyk |
| Dates associated with a name | Codice autore musica SPICS: 8056 |
| Relator term | Autore musica |
| Name of part/section of a work | Ballata n 4 in fa minore op. 52 - Mazurka in si maggiore op 7 n 1 |
| 9 (RLIN) | 15734 |
| 700 ## - ADDED ENTRY--PERSONAL NAME | |
| Personal name | Schumann Robert |
| Dates associated with a name | Codice autore musica SPICS: 11150 |
| Relator term | Autore musica |
| Name of part/section of a work | Traumerei op 15 n 7 |
| 9 (RLIN) | 15735 |
| 700 ## - ADDED ENTRY--PERSONAL NAME | |
| Personal name | Mendelssohn Felix |
| Dates associated with a name | Codice autore musica SPICS: 3873 |
| Relator term | Autore musica |
| Name of part/section of a work | Canto di primavera op 62 n 6 |
| 9 (RLIN) | 15736 |
| 700 ## - ADDED ENTRY--PERSONAL NAME | |
| Personal name | Beethoven Ludwig Van |
| Dates associated with a name | Codice autore musica SPICS: 10721 |
| Relator term | Autore musica |
| Name of part/section of a work | Per Elisa |
| 9 (RLIN) | 15737 |
| 942 ## - ADDED ENTRY ELEMENTS (KOHA) | |
| Koha item type | MUSICASSETTE |
| Source of classification or shelving scheme | Dewey Decimal Classification |
| Withdrawn status | Lost status | Damaged status | Not for loan | Home library | Current library | Date acquired | Total Checkouts | Full call number | Date last seen | Price effective from | Koha item type | Public note |
|---|---|---|---|---|---|---|---|---|---|---|---|---|
| Buone Condizioni | Not For Loan | SPICS-MEDIATECA | SPICS-MEDIATECA | 25/10/2013 | 26366 | 25/10/2013 | 25/10/2013 | MUSICASSETTE | Progr. Ins.: 5989 / N.Vol.: 1 / Copie: 1 - Copia rara: NO / date import: 01.01.2014 - By Epidotti, Trombetti, Vaglietti |